| 000 | 00437nam a2200169 a 4500 | ||
|---|---|---|---|
| 005 | 20140412111425.0 | ||
| 008 | 090224s19uu xx 00 eng d | ||
| 020 | _a0-689-83568-x | ||
| 050 |
_aTR(PS E _bCh432 1989 |
||
| 100 | _aMartin, Bill Jr. | ||
| 245 |
_aChicka Chicka Boom Boom / _cBill Martin Jr. |
||
| 260 |
_aU.S.A : _bSimon Schuster, _c1989. |
||
| 300 | _aunp. | ||
| 650 | _aAlphabet | ||
| 999 |
_c106202 _d106202 |
||